Statistics for Type of Building by Silhouette

Click here to take the quiz!

General Stats

  • This quiz has been taken 62 times
  • The average score is 6 of 10

Answers on the Map

Answers color-coded by a green-red scale on the quiz's map according to % correct below.
 

Answer Stats

Building/Structure Type% Correct
Windmill
94%
Cathedral/Church/Basilica
88%
Skyscraper
77%
Arch
63%
Pagoda
60%
Space Station
60%
Obelisk
52%
Pyramid
50%
Water Tower
46%
Minaret
27%

Score Distribution

Percentile by Number Answered

Percent of People with Each Score

Your Score History

You have not taken this quiz